| 000 | 00711nam a2200277Ia 4500 | ||
|---|---|---|---|
| 003 | OSt | ||
| 005 | 20221006151405.0 | ||
| 006 | a|||||r|||| 00| 0 | ||
| 007 | ta | ||
| 008 | 221006b |||||||| |||| 00| 0 eng d | ||
| 020 | _c3.00 | ||
| 024 | _a21,939 | ||
| 037 | _cTextual | ||
| 040 |
_aEASL _cEASL _beng |
||
| 041 |
_2eng _aeng |
||
| 082 | _aU8.41.N, G9 | ||
| 100 |
_aDECKINSON G Lowes _9659079 |
||
| 245 | 0 | _aLetters from John Chinaman | |
| 260 |
_aLondon _bGeorge Allen & Unwin _c1939 |
||
| 300 |
_a63p. _ccm. |
||
| 490 | _v CEL | ||
| 650 | _a CEL | ||
| 650 |
_aChina - John Chinaman _9659080 |
||
| 942 |
_hU8.41.N, G9 _cTEXL _2CC |
||
| 999 |
_c1090025 _d1090025 |
||